Terraria Expert Mode Items - Statistics

General Stats
  • This quiz has been taken 228 times
  • The average score is 9 of 16
Answer Stats
Boss Item % Correct
Eye of Cthulhu Shield of Cthulhu
93%
Eater of Worlds Worm Scarf
92%
Brain of Cthulhu Brain of Confusion
84%
King Slime Royal Gel
75%
Wall of Flesh Demon Heart
74%
Skeletron Bone Glove
69%
Queen Bee Hive Pack
69%
Plantera Spore Sac
63%
Moon Lord Gravity Globe
58%
Duke Fishron Shrimpy Truffle
54%
Golem Shiny Stone
49%
Moon Lord Suspicious Looking Tentacle
41%
The Twins Mechanical Wheel Piece
34%
The Destroyer Mechanical Wagon Piece
28%
Skeletron Prime Mechanical Battery Piece
26%
BONUS! (Eye of Cthulhu) 0x33's Aviators
15%
No matching quizzes found
Score Distribution
Percent of People with Each Score
Percentile by Number Answered
Your Score History
You have not taken this quiz